LIBRARY & INFORMATION CENTRE, KCAET, TAVANUR

ONLINE PUBLIC ACCESS CATALOGUE (OPAC)

First course in linear algebra / (Record no. 9402)

MARC details
000 -LEADER
fixed length control field 00484cam a2200193ua 4500
041 ## - LANGUAGE CODE
Language code of text/sound track or separate title eng
082 ## - DEWEY DECIMAL CLASSIFICATION NUMBER
Classification number 512.5
Item number BHA/FI
100 ## - MAIN ENTRY--AUTHOR NAME
Personal name Bhattacharya, P.B .
245 ## - TITLE STATEMENT
Title First course in linear algebra /
260 ## - PUBLICATION, DISTRIBUTION, ETC. (IMPRINT)
Place of publication New Delhi :
Name of publisher Wiley Eastern Ltd ,
Year of publication 1985.
300 ## - PHYSICAL DESCRIPTION
Number of Pages 280 ; .
700 1# - ADDED ENTRY--PERSONAL NAME
Personal name Jain, S.K .
700 1# - ADDED ENTRY--PERSONAL NAME
Personal name Nagpal, S.R.
942 ## - ADDED ENTRY ELEMENTS (KOHA)
Koha item type Books
Holdings
Withdrawn status Lost status Damaged status Home library Current library Date acquired Full call number Accession Number Koha item type
      KAUAET KAUAET 01/09/1986 512.5 15555 Books
free website counter